Treaty series : (Record no. 49236)
[ view plain ]
| 000 -LEADER | |
|---|---|
| fixed length control field | 01580cas a2200325 i 4500 |
| 001 - CONTROL NUMBER | |
| control field | 49236 |
| 003 - CONTROL NUMBER IDENTIFIER | |
| rucl marc code | BD-RjUL |
| 005 - DATE AND TIME OF LATEST TRANSACTION | |
| control field | 20211209054643.0 |
| 008 - FIXED-LENGTH DATA ELEMENTS--GENERAL INFORMATION | |
| fixed length control field | 160818s1963 dcu x s f0 a0eng c |
| 035 ## - SYSTEM CONTROL NUMBER | |
| System control number | BD-RjUL49355 |
| 040 ## - CATALOGING SOURCE | |
| Original cataloging agency | TxDaM-L |
| Language of cataloging | eng |
| Transcribing agency | TxDaM-L |
| Modifying agency | OCoLC |
| -- | MH |
| -- | DLC |
| -- | MH-L |
| -- | DLC |
| -- | OCoLC |
| -- | MiU-L |
| -- | KRTAS |
| -- | OCoLC |
| -- | OCLCF |
| -- | OCoLC |
| -- | WaSeSS |
| 041 ## - LANGUAGE CODE | |
| Language code of text/sound track or separate title | eng |
| 082 ## - DEWEY DECIMAL CLASSIFICATION NUMBER | |
| Edition number | 22 |
| Classification number | 341.0262 |
| Author mark and year | TRE 1963 |
| 110 1# - MAIN ENTRY--CORPORATE NAME | |
| Corporate name or jurisdiction name as entry element | United States. |
| 9 (RLIN) | 147966 |
| 245 10 - TITLE STATEMENT | |
| Title | Treaty series : |
| Remainder of title | Treaties and international agreements registered or field and recorded with the secretariat of the united nations / |
| 260 ## - PUBLICATION, DISTRIBUTION, ETC. (IMPRINT) | |
| Place of publication, distribution, etc. | New york : |
| Name of publisher, distributor, etc. | United Nations., |
| Date of publication, distribution, etc. | 1963 |
| 300 ## - PHYSICAL DESCRIPTION | |
| Pagination | 441 p. : |
| Illustrations | ill. ; |
| Size | 23 cm. |
| 506 ## - RESTRICTIONS ON ACCESS NOTE | |
| Terms governing access | Access limited to subscribers. |
| 580 ## - LINKING ENTRY COMPLEXITY NOTE | |
| Linking entry complexity note | Merged with: United States. Treaties (Executive agreements series). Executive agreements series; to form: United States. Treaties (Treaties and other international acts series). Treaties and other international acts series. |
| 650 #7 - SUBJECT ADDED ENTRY--TOPICAL TERM | |
| Topical term or geographic name as entry element | Treaty series (United Nations) |
| General subdivision | Indexes. |
| 9 (RLIN) | 147963 |
| 776 1# - ADDITIONAL PHYSICAL FORM ENTRY | |
| Title | Treaty series |
| Record control number | (DLC)32009417 |
| 785 17 - SUCCEEDING ENTRY | |
| Main entry heading | United States. |
| Title | Executive agreement series |
| Record control number | (DLC)sn 95030638 |
| -- | (OCoLC)16915693 |
| Main entry heading | United States. |
| Title | Treaties and other international acts series |
| International Standard Serial Number | 0083-0816 |
| Record control number | (DLC) 46006169 |
| -- | (OCoLC)1774183 |
| 856 40 - ELECTRONIC LOCATION AND ACCESS | |
| Uniform Resource Identifier | <a href="http://www.columbia.edu/cgi-bin/cul/resolve?clio9608671">http://www.columbia.edu/cgi-bin/cul/resolve?clio9608671</a> |
| Public note | Full text available from HeinOnline U.S. Treaties and Agreements Library |
| 942 ## - ADDED ENTRY ELEMENTS (KOHA) | |
| Source of classification or shelving scheme | Dewey Decimal Classification |
| Koha item type | Books |
| Lost status | Source of classification or shelving scheme | Damaged status | Not for loan | Collection code | Permanent Location | Current Location | Shelving location | Date acquired | Source of acquisition | Cost, normal purchase price | Total Checkouts | Full call number | Date last seen | Copy number | Koha item type |
|---|---|---|---|---|---|---|---|---|---|---|---|---|---|---|---|
| Dewey Decimal Classification | Non-fiction | Central Library, University of Rajshahi | Central Library, University of Rajshahi | 11/12/1970 | Sweets & Zeetlinger | 35.00 | 341.0262 TRE 1963 | 18/08/2016 | C-2 | Books |